00000000nas##2200000za#4500
0019.500156
003CaOODSP
00520210305160054
007cr |||||||||||
008150406c2002||||xxc|| m o||||f|   |0fre|d
040 |aCaOODSP|bfre
041 |aeng
041 |afre
043 |an-cn---
0861 |aYB372-PDF
1101 |aCanada. |bParlement. |bSénat.
24510|aProjets de loi du Sénat : |h[ressource électronique]|b2e session, 37e législature, 51 Élizabeth II, 2002
260 |aOttawa - Ontario : |bSénat
310 |aIrrégulier
3621 |a2002
7760#|tSenate of Canada bill : |w(CaOODSP)9.510778
791 |tBills of the Senate : |eeng|w(CaOODSP)9.500155